00644 2200253 4500001002100000005001700021008004100038020001800079035002400097082001200121090002200133100001900155245003700174250001100211260003100222300002400253500002900277650001800306850001500324980001500339985000600354999001500360999001500375YOGYA-0209000006314920090227040144.0 ind  a979-497-712-8 0010-020900000063149 a959.851 a959.851bBan ElT aBandem, I Made aEvolusi tari BalicI Made Bandem aCet. 1 aYogyakartabKanisiusc1996 a82 hlmbilusc21 cm aBibliografi : hlm. 81-82 aBali - Tarian aYOPDYOG(B) a01-08-2006 a2 a98P0103739 a98P0103740